000 00250nam a2200109Ia 4500
008 200302s9999 xx 000 0 und d
100 _aMumtaz Currim
245 _aJannat; Paradise in Islamic Art
260 _bMarg
260 _c2011
300 _a144 P.,
999 _c3064
_d3064